| 000 | 01264nam a22002417a 4500 | ||
|---|---|---|---|
| 001 | 3647 | ||
| 003 | FISKH | ||
| 005 | 20240402120600.0 | ||
| 008 | 240402b cb ||||| |||| 00| 0 eng d | ||
| 040 |
_aFISK _beng _cFISK _dFISK |
||
| 050 | _aPZ7.A47 | ||
| 082 | _a813.6 | ||
| 100 |
_aAlpert Mark _d1961- |
||
| 245 |
_aThe siege / _cMark Alpert |
||
| 260 |
_aNaperville : _bSourcebooks Inc, _c2016 |
||
| 300 |
_a285 pages : _c22 cm |
||
| 505 | _aO | ||
| 520 | _aAdam gave up everything for a new chance at life. Now with a cutting-edge digital mind, he is smarter, faster, better than a normal teen. Except Adam is anything but invincible. He's indebted to the government program that gave him this ability-and freedom comes at a price. Adam and his teammates, the six Pioneers, swore to defend humanity against Sigma, the most ruthless artificial intelligence program ever designed. The Pioneers are all that stand between the AI and world domination. But Sigma has an advantage. It has learned about human weakness, and its new weapon? Betrayal. In this war between good and evil, the battle lines have been drawn...but someone is about to switch sides. | ||
| 521 | 8 |
_a840 _bO |
|
| 700 | _aMark Alpert | ||
| 942 |
_2ddc _cBK _n0 |
||
| 999 |
_c3647 _d3647 |
||